The mathematical theory of viscous incompressible flow / (Record no. 6467)
[ view plain ]
| 000 -LEADER | |
|---|---|
| fixed length control field | 01360nam a22003611 4500 |
| 001 - CONTROL NUMBER | |
| control field | 6467 |
| 003 - CONTROL NUMBER IDENTIFIER | |
| rucl marc code | BD-RjUL |
| 005 - DATE AND TIME OF LATEST TRANSACTION | |
| control field | 20211208234240.0 |
| 008 - FIXED-LENGTH DATA ELEMENTS--GENERAL INFORMATION | |
| fixed length control field | 140111s1963 nyu b 001 0 eng |
| 035 ## - SYSTEM CONTROL NUMBER | |
| System control number | (BD-RjUL)6508 |
| 040 ## - CATALOGING SOURCE | |
| Original cataloging agency | DLC/ICU |
| Transcribing agency | ICU |
| Modifying agency | BD-RjUL |
| Language of cataloging | eng |
| 041 1# - LANGUAGE CODE | |
| Language code of text/sound track or separate title | engrus |
| 082 00 - DEWEY DECIMAL CLASSIFICATION NUMBER | |
| Classification number | 532.58 |
| Author mark and year | LAM 1963 |
| 100 1# - MAIN ENTRY--PERSONAL NAME | |
| Personal name | Ladyzhenskaya, O. A. |
| Fuller form of name | (Olʹga Aleksandrovna) |
| 9 (RLIN) | 20354 |
| 245 14 - TITLE STATEMENT | |
| Title | The mathematical theory of viscous incompressible flow / |
| Statement of responsibility, etc. | O. A. Ladyzhenskaya, Translated from the Russian by Richard A. Silverman. |
| 250 ## - EDITION STATEMENT | |
| Edition statement | Rev. English ed. |
| 260 ## - PUBLICATION, DISTRIBUTION, ETC. (IMPRINT) | |
| Place of publication, distribution, etc. | New York : |
| Name of publisher, distributor, etc. | Gordon and Breach, |
| Date of publication, distribution, etc. | c1963 |
| 300 ## - PHYSICAL DESCRIPTION | |
| Pagination | xiv, 184 p. ; |
| Size | 23 cm. |
| 490 1# - SERIES STATEMENT | |
| Series statement | Mathematics and its applications, |
| Volume/sequential designation | v. 2 |
| 500 ## - GENERAL NOTE | |
| General note | Translation of [Matematicheskie voprosy dinamiki vi︠a︡zkoĭ neszhimaemoĭ zhidkosti] |
| 504 ## - BIBLIOGRAPHY, ETC. NOTE | |
| Bibliography, etc | Include bibliography and index. |
| 650 #0 - SUBJECT ADDED ENTRY--TOPICAL TERM | |
| Topical term or geographic name as entry element | Hydrodynamics. |
| 9 (RLIN) | 20355 |
| Topical term or geographic name as entry element | Viscous flow. |
| 9 (RLIN) | 20356 |
| Topical term or geographic name as entry element | Boundary value problems. |
| 9 (RLIN) | 19752 |
| Topical term or geographic name as entry element | Navier-Stokes equations. |
| 9 (RLIN) | 20357 |
| 700 ## - ADDED ENTRY--PERSONAL NAME | |
| Personal name | Silverman, Richard A. |
| 830 #0 - SERIES ADDED ENTRY--UNIFORM TITLE | |
| Volume number/sequential designation | v. 2. |
| 830 #0 - SERIES ADDED ENTRY--UNIFORM TITLE | |
| Uniform title | Mathematics and its applications (Gordon and Breach Science Publishers) ; |
| 942 ## - ADDED ENTRY ELEMENTS (KOHA) | |
| Source of classification or shelving scheme | Dewey Decimal Classification |
| Koha item type | Books |
| Lost status | Source of classification or shelving scheme | Damaged status | Not for loan | Collection code | Permanent Location | Current Location | Shelving location | Date acquired | Source of acquisition | Cost, normal purchase price | Total Checkouts | Full call number | Date last seen | Copy number | Koha item type |
|---|---|---|---|---|---|---|---|---|---|---|---|---|---|---|---|
| Dewey Decimal Classification | Not For Loan | Non-fiction | Central Library, University of Rajshahi | Central Library, University of Rajshahi | 17/06/2064 | Zitlinger | 76.00 | 532.58 LAM 1963 | 11/01/2014 | C-1 | Books |